<?xml version="1.0" encoding="UTF-8"?>
<record
    xmlns:xsi="http://www.w3.org/2001/XMLSchema-instance"
    xsi:schemaLocation="http://www.loc.gov/MARC21/slim http://www.loc.gov/standards/marcxml/schema/MARC21slim.xsd"
    xmlns="http://www.loc.gov/MARC21/slim">

  <leader>01682nam a2200205 a 4500</leader>
  <controlfield tag="001">000002508</controlfield>
  <controlfield tag="005">20200929150213.0</controlfield>
  <controlfield tag="008">090702s1991    sp a          001 0 spa d</controlfield>
  <datafield tag="020" ind1=" " ind2=" ">
    <subfield code="a">8486168554</subfield>
  </datafield>
  <datafield tag="040" ind1=" " ind2=" ">
    <subfield code="a">DO-SdBNP</subfield>
    <subfield code="b">spa</subfield>
    <subfield code="c">BNPHU</subfield>
  </datafield>
  <datafield tag="245" ind1="0" ind2="4">
    <subfield code="a">Las industrias de la lengua /</subfield>
    <subfield code="c">direcci&#xF3;n de Jos&#xE9; Vidal Beneyto ; traductores coordinado por Manuel Alvar Ezquerra ... [et al.].</subfield>
  </datafield>
  <datafield tag="260" ind1=" " ind2=" ">
    <subfield code="a">Madrid :</subfield>
    <subfield code="b">Fundaci&#xF3;n Germ&#xE1;n S&#xE1;nchez Ruip&#xE9;rez,</subfield>
    <subfield code="c">1991.</subfield>
  </datafield>
  <datafield tag="300" ind1=" " ind2=" ">
    <subfield code="a">494 p. :</subfield>
    <subfield code="b">il. ;</subfield>
    <subfield code="c">22 cm.</subfield>
  </datafield>
  <datafield tag="490" ind1="1" ind2=" ">
    <subfield code="a">Biblioteca del libro</subfield>
  </datafield>
  <datafield tag="505" ind1="2" ind2=" ">
    <subfield code="a">Introducci&#xF3;n: La industrializaci&#xF3;n de las lenguas / Jos&#xE9; Vidal Beneyto -- El tratamiento autom&#xE1;tico del lenguaje escrito / G&#xE9;rard Sabah -- An&#xE1;lisis del texto : situaci&#xF3;n actual / Henry Thompson -- Estado del arte en comunicaci&#xF3;n hablada / Jean-Sylvain Li&#xE9;nard -- Un nuevo tratamiento del franc&#xE9;s escrito / Maurice Gross -- Los m&#xE9;todos inform&#xE1;ticos adaptados al tratamiento de las lenguas naturales / Maurice Nivat y Dominique Perrin -- Creaci&#xF3;n de Corpus / John M. Sinclair -- Los bancos de sonidos / Ren&#xE9; Carr&#xE9; -- Corpora de referencia / Antonio Zampolli -- Los bancos de datos l&#xE9;xicos : bases multifuncionales de datos l&#xE9;xicos / Antonio Zampolli -- La elaboraci&#xF3;n de los diccionarios electr&#xF3;nicos del franc&#xE9;s / Maurice Gross -- Hacia bases multifuncionales de datos l&#xE9;xicos / Antonio Zampolli -- La generaci&#xF3;n autom&#xE1;tica de textos en lengua natural / Laurence Danlos -- Desarrollos actuales en lexicograf&#xED;a automatizada del espa&#xF1;ol / Manuel Alvar Ezquerra.</subfield>
  </datafield>
  <datafield tag="700" ind1="1" ind2=" ">
    <subfield code="a">Bidal Beneyto, Jos&#xE9;,</subfield>
    <subfield code="e">dir.</subfield>
    <subfield code="9">7894</subfield>
  </datafield>
  <datafield tag="700" ind1="1" ind2=" ">
    <subfield code="a">Alvar Ezquerra, Manuel,</subfield>
    <subfield code="e">tr.</subfield>
    <subfield code="9">7895</subfield>
  </datafield>
  <datafield tag="830" ind1=" " ind2="0">
    <subfield code="a">Biblioteca del libro</subfield>
    <subfield code="9">7397</subfield>
  </datafield>
  <datafield tag="049" ind1=" " ind2=" ">
    <subfield code="a">BNPHD</subfield>
  </datafield>
  <datafield tag="952" ind1=" " ind2=" ">
    <subfield code="0">0</subfield>
    <subfield code="1">0</subfield>
    <subfield code="5">2</subfield>
    <subfield code="7">0</subfield>
    <subfield code="8">MO</subfield>
    <subfield code="a">GR</subfield>
    <subfield code="b">GR</subfield>
    <subfield code="c">CT</subfield>
    <subfield code="d">2009-07-02</subfield>
    <subfield code="i">LF1</subfield>
    <subfield code="l">0</subfield>
    <subfield code="o"> </subfield>
    <subfield code="p">2508-10</subfield>
    <subfield code="r">2020-06-25</subfield>
    <subfield code="w">2020-06-25</subfield>
    <subfield code="y">2</subfield>
    <subfield code="Z">Pr&#xE9;stamo interno</subfield>
  </datafield>
  <datafield tag="999" ind1=" " ind2=" ">
    <subfield code="c">2344</subfield>
    <subfield code="d">2344</subfield>
  </datafield>
</record>
